=LDR 00000nam 2200000 4500 =001 INLIS000000000007928 =005 20130612095844 =008 ***********************************Ind** =035 ##$$0010-061300000007928 =041 ##$$a Ind =082 ##$$a 001.642 507 =090 ##$$a 001.642 507, Lim c =100 ##$$a Sum Ming Hoy =245 ##$$a Chiwriter, Lim Ming Hoy =260 ##$$a 1992 $b Jakarta =300 ##$$a xi, 135 hlm, 20 cm =650 ##$$a Komputer-program chiwriter